000
00318nam a2200133Ia 4500
100
_a
Ramamrutham/S
942
_c
BK
654
_a
hydraulics
245
_a
Hydraulics Fluid Mechanics and Fluid Machines
260
_b
DHANPAT RAI AND SONS
_a
New Delhi
_c
1985
082
_a
532
_b
RAM
300
_a
1192
546
_a
ENGLISH
999
_c
34493
_d
34493